| 000 | 00730nam a2200241Ia 4500 | ||
|---|---|---|---|
| 003 | OSt | ||
| 005 | 20220925210844.0 | ||
| 006 | a|||||r|||| 00| 0 | ||
| 007 | ta | ||
| 008 | 220923b |||||||| |||| 00| 0 eng d | ||
| 037 | _cGeneral Book | ||
| 040 |
_aRTL _cRTL _beng |
||
| 041 |
_2eng _aeng |
||
| 082 | _aV237,8:(X:93).N79t, M1/GD | ||
| 110 |
_aRajasthan , Pay Commission (1979) (Chairman: B P Beri) _9273279 |
||
| 245 | 0 | _aReport | |
| 260 |
_aJaipur _bGovt Press _c1981 |
||
| 300 |
_a1025p _ccm. |
||
| 650 | _aHistory of Rajasthan | ||
| 700 |
_aRajasthan , Pay Commission (1979) (Chairman: B P Beri) _9273280 |
||
| 942 |
_hV237,8:(X:93).N79t, M1/GD _cGB _2CC |
||
| 999 |
_c556107 _d556107 |
||